| 000 | 00531nam a2200145Ia 4500 | ||
|---|---|---|---|
| 005 | 20250424120318.0 | ||
| 008 | 250424s9999 xx 000 0 und d | ||
| 022 | _a23293284 | ||
| 050 | _aHG 37. O64/ | ||
| 245 | 0 | _aOpen Journal of business and management | |
| 260 | _c2022 | ||
| 300 | _a2483 p. :ill. ; 29 cm. | ||
| 650 | _aFinance--Periodicals. Business enterprises--Periodicals. Management--Periodicals. Finance--Poland--Periodicals. Business enterprises--Poland--Periodicals. Management--Poland--Periodicals. | ||
| 942 | _cSR | ||
| 999 |
_c38593 _d38593 |
||